00991nam a2200181 a 450000100100000000500170001000800410002704000250006808200150009310000590010824503520016726000620051930000200058165000360060165100420063795201130067999900170079200003155920240229073937.0110627s1954 dr r 000 0 spa d aDO-SdBNPbspacBNPHU axxxxbT8661 aTrujillo Molina, Rafael Leónidas,d 1891-196197676410aDiscurso pronunciado por su excenlencia el generalísimo doctor Rafael L. Trujillo M. al recibir el diploma de honor conferídole por la Asociación Médica Panamericana = Address delivered by his excellency generalissimo doctor RaFael L. Trujillo M. on receiving the diploma of honor bestowed upon him by the pan American Medical Association. aCiudad Trujillo, República Dominicana :b[s.n.],c1954. a13 p. ;c23 cm. 4aDiscursos presidenciales910061 4aRepública DominicanaxHistoria9170 0010718PDaPDbPDcCTd2011-06-27iLF1l0oxxxx T866p31559-10r2020-06-25w2020-06-25yLFPDZNo se presta c31051d31051